000 00799nam a2200205Ia 4500
003 GCL
005 20240530102938.0
008 140319s9999 xx 000 0 ara d
040 _aGCL /
_cGCL
082 0 4 _a962.066
_bق/م ت
100 1 _aمحمد السيد سليم
245 1 0 _aالتحليل السياسى الناصرى :
_bدراسة فى العقائد والسياسة الخارجية /
_cمحمد السيد سليم
250 _aط1
260 _aبيروت :
_bمركز دراسات الوحدة العربية ،
_c1983
300 _a395 ص ؛
_c24 سم
490 _aسلسلة اطروحات الدكتوراة
_v3
650 0 4 _aمصر - تاريخ
650 0 4 _aمصر - تاريخ - العصر الحديث - جمال عبدالناصر ( 1954-1970 )
942 _2ddc
_cBK
999 _c35579
_d35579